Countries With the Word "is" in Their Names - Statistics

General Stats
  • This quiz has been taken 70 times
  • The average score is 9 of 11
Answer Stats
Continent Countries % Correct
Oceania Marshall Islands
95%
Oceania Solomon Islands
95%
Asia Pakistan
90%
Asia Tajikistan
90%
Asia Turkmenistan
90%
Asia Afghanistan
89%
Asia Uzbekistan
89%
Asia Israel
84%
Africa Tunisia
82%
North America Saint Kittsand Nevis
79%
Africa Guinea-Bissau
62%
No matching quizzes found
Score Distribution
Percent of People with Each Score
Percentile by Number Answered
Your Score History
You have not taken this quiz